Statistics for Groups of Things - New Testament

Click here to take the quiz!

General Stats

  • This quiz has been taken 31 times
  • The average score is 25 of 39

Answer Stats

GroupAnswer% Correct
Apostles of Jesus | Gospel BooksMatthew
100%
Gospel BooksMark
100%
Gospel BooksLuke
100%
Apostles of Jesus | Gospel BooksJohn
100%
Jesus' (Earthly) ParentsMary
97%
Jesus' (Earthly) ParentsJoseph
97%
Apostles of JesusJudas
93%
Apostles of JesusPeter
93%
Gifts of the MagiFrankincense
86%
Gifts of the MagiGold
86%
Gifts of the MagiMyrrh
83%
"Love the Lord your God with all your..." *Heart
83%
"Love the Lord your God with all your..." *Soul
76%
Apostles of JesusAndrew
72%
"Love the Lord your God with all your..." *Mind
69%
Apostles of JesusPhilip
66%
Apostles of JesusThomas
62%
Apostles of JesusSimon
62%
Apostles of JesusJames - Son of Zebedee
62%
Churches of the Epistles of PaulGalatia
62%
Apostles of JesusJames - Son of Alphaeus
62%
Churches of the Epistles of PaulRome
62%
Churches of the Epistles of Paul | Seven Churches of Asia (in Revelation)Ephesus
62%
Churches of the Epistles of PaulCorinth
59%
Apostles of JesusBartholomew
52%
Apostles of JesusThaddaeus
45%
"Love the Lord your God with all your..." *Strength
45%
Churches of the Epistles of PaulPhilippi
45%
Churches of the Epistles of PaulThessalonica
38%
Seven Churches of Asia (in Revelation)Philadelphia
24%
Churches of the Epistles of PaulColossae
21%
Seven Churches of Asia (in Revelation)Laodicea
21%
Seven Churches of Asia (in Revelation)Smyrna
14%
Seven Churches of Asia (in Revelation)Pergamum
10%
Seven Churches of Asia (in Revelation)Sardis
10%
Seven Churches of Asia (in Revelation)Thyatira
7%

Score Distribution

Percentile by Number Answered

Percent of People with Each Score

Your Score History

You have not taken this quiz